[Event "Limba Open M"]
[Site "Poronin"]
[Date "2021.05.28"]
[Round "9.20"]
[White "Goraj, Barbara"]
[Black "Sernecki, Franciszek"]
[Result "0-1"]
[BlackElo "2197"]
[WhiteElo "2100"]
[LiveChessVersion "1.4.8"]

1. e4 {[%clk 1:30:56]} e6 {[%clk 1:30:51]} 2. d4 {[%clk 1:31:18]} d5
{[%clk 1:31:18]} 3. Nd2 {[%clk 1:31:33]} Nc6 {[%clk 1:31:43]} 4. Ngf3
{[%clk 1:28:40]} Nf6 {[%clk 1:32:02]} 5. e5 {[%clk 1:26:36]} Nd7 {[%clk 1:32:28]}
6. c3 {[%clk 1:22:49]} f6 {[%clk 1:32:48]} 7. exf6 {[%clk 1:22:54]} Qxf6
{[%clk 1:33:13]} 8. Bd3 {[%clk 1:00:35]} Bd6 {[%clk 1:31:38]} 9. Nb3
{[%clk 0:55:24]} e5 {[%clk 1:26:30]} 10. dxe5 {[%clk 0:52:38]} Ndxe5
{[%clk 1:20:49]} 11. Be2 {[%clk 0:48:30]} O-O {[%clk 1:13:46]} 12. Nbd4
{[%clk 0:42:27]} Bg4 {[%clk 0:55:32]} 13. Be3 {[%clk 0:35:22]} Rae8
{[%clk 0:44:30]} 14. Nb5 {[%clk 0:25:11]} Nxf3+ {[%clk 0:24:41]} 15. gxf3
{[%clk 0:24:47]} d4 {[%clk 0:18:05]} 16. Nxd6 {[%clk 0:22:15]} cxd6
{[%clk 0:10:41]} 17. cxd4 {[%clk 0:16:14]} Bxf3 {[%clk 0:10:45]} 18. Bxf3
{[%clk 0:15:17]} Qxf3 {[%clk 0:11:10]} 19. Qxf3 {[%clk 0:15:06]} Rxf3
{[%clk 0:11:36]} 20. Rd1 {[%clk 0:03:58]} d5 {[%clk 0:06:56]} 21. Ke2
{[%clk 0:03:17]} Rf5 {[%clk 0:07:15]} 22. Kd3 {[%clk 0:03:17]} Re4
{[%clk 0:06:38]} 23. Rhg1 {[%clk 0:02:11]} Kf7 {[%clk 0:04:30]} 24. Rg3
{[%clk 0:01:39]} g6 {[%clk 0:03:39]} 25. Rh3 {[%clk 0:01:47]} h5 {[%clk 0:03:28]}
26. Rg3 {[%clk 0:01:12]} Re6 {[%clk 0:03:21]} 27. Rc1 {[%clk 0:00:57]} Nb4+
{[%clk 0:02:34]} 28. Kd2 {[%clk 0:01:06]} Rc6 {[%clk 0:02:59]} 29. Rgg1
{[%clk 0:00:50]} Rff6 {[%clk 0:02:04]} 30. a3 {[%clk 0:00:59]} Na6
{[%clk 0:01:34]} 31. b4 {[%clk 0:00:52]} Nc7 {[%clk 0:01:23]} 32. a4
{[%clk 0:00:34]} Rxc1 {[%clk 0:00:46]} 33. Rxc1 {[%clk 0:00:58]} Rc6
{[%clk 0:01:15]} 34. Rc5 {[%clk 0:00:35]} Ke6 {[%clk 0:01:25]} 35. Rxc6+
{[%clk 0:00:34]} bxc6 {[%clk 0:01:50]} 36. h4 {[%clk 0:00:37]} Kf5
{[%clk 0:01:42]} 37. Kd3 {[%clk 0:00:34]} a6 {[%clk 0:01:59]} 38. Bg5
{[%clk 0:00:34]} Ne6 {[%clk 0:02:03]} 39. Be7 {[%clk 0:00:40]} Kf4
{[%clk 0:01:54]} 40. Bd6+ {[%clk 0:30:34]} Kf3 {[%clk 0:32:05]} 41. Bg3
{[%clk 0:24:37]} Nf4+ {[%clk 0:26:38]} 42. Kd2 {[%clk 0:23:00]} Ke4 0-1

[Event "Limba Open M"]
[Site "Poronin"]
[Date "2021.05.28"]
[Round "9.21"]
[White "Praczukowski, Stanislaw"]
[Black "Mulawa, Cyprian"]
[Result "1-0"]
[BlackElo "1897"]
[WhiteElo "2197"]
[LiveChessVersion "1.4.8"]

1. Nf3 {[%clk 1:30:51]} Nf6 {[%clk 1:29:58]} 2. g3 {[%clk 1:30:51]} g6
{[%clk 1:29:56]} 3. b3 {[%clk 1:31:05]} Bg7 {[%clk 1:29:34]} 4. Bb2
{[%clk 1:31:15]} O-O {[%clk 1:27:24]} 5. Bg2 {[%clk 1:31:18]} d5 {[%clk 1:27:02]}
6. c4 {[%clk 1:24:10]} c5 {[%clk 1:22:37]} 7. cxd5 {[%clk 1:23:08]} Nxd5
{[%clk 1:22:24]} 8. Bxg7 {[%clk 1:23:28]} Kxg7 {[%clk 1:22:44]} 9. O-O
{[%clk 1:22:19]} Nc6 {[%clk 1:16:55]} 10. d4 {[%clk 1:20:18]} cxd4
{[%clk 1:15:12]} 11. Nxd4 {[%clk 1:18:37]} Qb6 {[%clk 1:15:25]} 12. Nxc6
{[%clk 1:14:38]} bxc6 {[%clk 1:15:01]} 13. Qc2 {[%clk 1:09:48]} Ba6
{[%clk 1:07:39]} 14. Qb2+ {[%clk 1:01:21]} f6 {[%clk 1:03:00]} 15. Nc3
{[%clk 0:50:33]} Nxc3 {[%clk 0:52:07]} 16. Qxc3 {[%clk 0:50:43]} Rac8
{[%clk 0:51:50]} 17. Rac1 {[%clk 0:40:44]} e5 {[%clk 0:50:44]} 18. Rfe1
{[%clk 0:37:16]} Rfd8 {[%clk 0:45:50]} 19. e3 {[%clk 0:28:40]} c5
{[%clk 0:39:32]} 20. Bf1 {[%clk 0:19:16]} Bb7 {[%clk 0:38:02]} 21. Bg2
{[%clk 0:19:28]} Ba6 {[%clk 0:38:24]} 22. Red1 {[%clk 0:17:20]} c4
{[%clk 0:33:43]} 23. Rxd8 {[%clk 0:16:40]} Qxd8 {[%clk 0:33:55]} 24. bxc4
{[%clk 0:12:27]} Rxc4 {[%clk 0:33:07]} 25. Qa3 {[%clk 0:12:11]} Rxc1+
{[%clk 0:30:59]} 26. Qxc1 {[%clk 0:12:38]} Qa5 {[%clk 0:30:31]} 27. a3
{[%clk 0:10:11]} Qb6 {[%clk 0:28:38]} 28. h4 {[%clk 0:09:53]} Bb7
{[%clk 0:27:29]} 29. Bxb7 {[%clk 0:10:00]} Qxb7 {[%clk 0:27:51]} 30. Qc5
{[%clk 0:08:47]} e4 {[%clk 0:24:26]} 31. Kg2 {[%clk 0:08:22]} h5 {[%clk 0:23:25]}
32. a4 {[%clk 0:07:46]} Qd7 {[%clk 0:19:17]} 33. a5 {[%clk 0:07:47]} a6
{[%clk 0:19:34]} 34. Qb6 {[%clk 0:06:36]} Qd3 {[%clk 0:19:23]} 35. Qb7+
{[%clk 0:06:06]} Kg8 {[%clk 0:19:21]} 36. Qc6 {[%clk 0:06:09]} Kf7
{[%clk 0:17:59]} 37. Qc7+ {[%clk 0:06:29]} Kg8 {[%clk 0:17:40]} 38. Qe7
{[%clk 0:06:31]} f5 {[%clk 0:15:08]} 39. Qf6 {[%clk 0:06:49]} Kh7
{[%clk 0:14:58]} 40. Qf7+ {[%clk 0:37:11]} Kh6 {[%clk 0:45:02]} 41. Qg8
{[%clk 0:36:55]} Qc3 {[%clk 0:45:17]} 42. Kh3 {[%clk 0:34:32]} Qa1
{[%clk 0:44:17]} 43. Kg2 {[%clk 0:32:49]} Qc3 {[%clk 0:44:24]} 44. Qa8
{[%clk 0:31:27]} Qf6 {[%clk 0:43:45]} 45. Qb7 {[%clk 0:30:04]} Qe6
{[%clk 0:43:49]} 46. Qb6 {[%clk 0:30:08]} Qc4 {[%clk 0:43:58]} 47. Qd6
{[%clk 0:28:58]} Qe2 {[%clk 0:42:53]} 48. Qd4 {[%clk 0:24:21]} Kh7
{[%clk 0:42:49]} 49. Qf6 {[%clk 0:22:56]} Qc4 {[%clk 0:42:40]} 50. Qe7+
{[%clk 0:23:06]} Kh6 {[%clk 0:42:08]} 51. Qd6 {[%clk 0:20:20]} Qe2
{[%clk 0:41:48]} 52. Qf8+ {[%clk 0:20:32]} Kh7 {[%clk 0:42:06]} 53. Qf7+
{[%clk 0:20:47]} Kh6 {[%clk 0:42:23]} 54. Qg8 {[%clk 0:21:00]} Qb2
{[%clk 0:41:17]} 55. Qa8 {[%clk 0:18:55]} Qf6 {[%clk 0:41:37]} 56. Qb7
{[%clk 0:19:10]} Qe6 {[%clk 0:41:53]} 57. Qc7 {[%clk 0:19:20]} Qb3
{[%clk 0:40:37]} 58. Qc8 {[%clk 0:18:17]} Kg7 {[%clk 0:33:03]} 59. Qxa6
{[%clk 0:18:33]} Qa2 {[%clk 0:33:05]} 60. Qb5 {[%clk 0:15:23]} Kh7
{[%clk 0:29:46]} 61. a6 {[%clk 0:15:27]} Kh6 {[%clk 0:29:47]} 62. Qb8
{[%clk 0:14:08]} 1-0

[Event "Limba Open M"]
[Site "Poronin"]
[Date "2021.05.28"]
[Round "9.22"]
[White "Topola, Rafal"]
[Black "Krzywda, Andrzej"]
[Result "0-1"]
[BlackElo "2115"]
[WhiteElo "1865"]
[LiveChessVersion "1.4.8"]

1. e4 {[%clk 1:30:58]} c5 {[%clk 1:30:43]} 2. Nf3 {[%clk 1:31:22]} Nc6
{[%clk 1:31:09]} 3. d4 {[%clk 1:31:28]} cxd4 {[%clk 1:31:35]} 4. Nxd4
{[%clk 1:31:53]} g6 {[%clk 1:32:03]} 5. c4 {[%clk 1:31:05]} Nf6 {[%clk 1:32:20]}
6. Nc3 {[%clk 1:31:11]} d6 {[%clk 1:32:45]} 7. Be2 {[%clk 1:30:28]} Nxd4
{[%clk 1:33:01]} 8. Qxd4 {[%clk 1:30:25]} Bg7 {[%clk 1:33:26]} 9. Be3
{[%clk 1:29:40]} O-O {[%clk 1:33:50]} 10. Qd2 {[%clk 1:29:11]} a5
{[%clk 1:34:04]} 11. O-O {[%clk 1:22:04]} a4 {[%clk 1:34:28]} 12. Rac1
{[%clk 1:21:57]} Qa5 {[%clk 1:34:43]} 13. f3 {[%clk 1:16:55]} Be6
{[%clk 1:34:31]} 14. Nb5 {[%clk 1:07:03]} Qxd2 {[%clk 1:32:08]} 15. Bxd2
{[%clk 1:07:31]} Rfc8 {[%clk 1:30:59]} 16. Be3 {[%clk 1:04:57]} Nd7
{[%clk 1:28:56]} 17. Nd4 {[%clk 1:01:31]} Nc5 {[%clk 1:28:51]} 18. Rc2
{[%clk 0:55:48]} Bd7 {[%clk 1:27:56]} 19. Rfc1 {[%clk 0:55:19]} f5
{[%clk 1:22:48]} 20. exf5 {[%clk 0:52:19]} gxf5 {[%clk 1:23:01]} 21. Nb5
{[%clk 0:51:47]} Kf7 {[%clk 1:13:54]} 22. Nc3 {[%clk 0:48:44]} Bc6
{[%clk 1:11:10]} 23. Nd5 {[%clk 0:48:00]} Rg8 {[%clk 1:08:36]} 24. Kf1
{[%clk 0:45:57]} Bh8 {[%clk 0:52:56]} 25. Nf4 {[%clk 0:31:52]} Be5
{[%clk 0:47:53]} 26. Nd3 {[%clk 0:29:40]} Nxd3 {[%clk 0:47:29]} 27. Bxd3
{[%clk 0:29:10]} e6 {[%clk 0:47:32]} 28. f4 {[%clk 0:16:08]} Bf6 {[%clk 0:47:23]}
29. g3 {[%clk 0:16:32]} h5 {[%clk 0:45:37]} 30. Kf2 {[%clk 0:16:46]} h4
{[%clk 0:45:19]} 31. Rg1 {[%clk 0:14:28]} hxg3+ {[%clk 0:39:27]} 32. hxg3
{[%clk 0:14:56]} Rh8 {[%clk 0:39:40]} 33. Ke1 {[%clk 0:14:19]} Rag8
{[%clk 0:36:58]} 34. Kf1 {[%clk 0:05:08]} Rh3 {[%clk 0:35:35]} 35. Bf2
{[%clk 0:05:20]} Rh2 {[%clk 0:35:21]} 36. Rd2 {[%clk 0:03:53]} Ke7
{[%clk 0:22:25]} 37. Re2 {[%clk 0:03:57]} Bf3 {[%clk 0:21:02]} 38. Rc2
{[%clk 0:03:10]} Bc6 {[%clk 0:06:30]} 39. Re2 {[%clk 0:03:09]} Kd7
{[%clk 0:06:26]} 40. Rd2 {[%clk 0:33:14]} Rgh8 {[%clk 0:33:55]} 41. Rc2
{[%clk 0:27:28]} Rh1 {[%clk 0:28:50]} 42. b3 {[%clk 0:24:01]} a3 {[%clk 0:24:17]}
43. Be3 {[%clk 0:10:31]} R8h2 {[%clk 0:21:05]} 44. Re2 {[%clk 0:09:20]} Bf3
{[%clk 0:16:58]} 45. Rxh2 {[%clk 0:07:34]} Rxh2 {[%clk 0:17:14]} 46. Bf2
{[%clk 0:08:02]} Bg4 {[%clk 0:15:30]} 0-1

[Event "Limba Open M"]
[Site "Poronin"]
[Date "2021.05.28"]
[Round "9.23"]
[White "Maslanka, Wojciech"]
[Black "Daniel, Damian"]
[Result "1/2-1/2"]
[BlackElo "2186"]
[WhiteElo "1921"]
[LiveChessVersion "1.4.8"]

1. e4 {[%clk 1:30:58]} c5 {[%clk 1:30:54]} 2. Nf3 {[%clk 1:31:24]} e6
{[%clk 1:31:20]} 3. d4 {[%clk 1:31:45]} cxd4 {[%clk 1:31:46]} 4. Nxd4
{[%clk 1:32:10]} Nc6 {[%clk 1:32:13]} 5. Nc3 {[%clk 1:32:03]} Qc7
{[%clk 1:32:37]} 6. g3 {[%clk 1:32:18]} a6 {[%clk 1:33:02]} 7. Bg2
{[%clk 1:32:35]} Be7 {[%clk 1:31:12]} 8. Be3 {[%clk 1:26:43]} d6 {[%clk 1:29:59]}
9. O-O {[%clk 1:26:12]} Bd7 {[%clk 1:29:55]} 10. Nce2 {[%clk 1:23:35]} Nf6
{[%clk 1:29:47]} 11. c4 {[%clk 1:20:26]} O-O {[%clk 1:28:52]} 12. Rc1
{[%clk 1:17:04]} Rfc8 {[%clk 1:22:05]} 13. Nc3 {[%clk 0:56:01]} Ne5
{[%clk 1:17:31]} 14. b3 {[%clk 0:56:06]} Qa5 {[%clk 1:15:36]} 15. h3
{[%clk 0:49:42]} b5 {[%clk 1:02:10]} 16. f4 {[%clk 0:50:03]} Nc6 {[%clk 0:58:40]}
17. e5 {[%clk 0:49:01]} Ne8 {[%clk 0:57:56]} 18. cxb5 {[%clk 0:47:04]} axb5
{[%clk 0:56:42]} 19. Nxc6 {[%clk 0:24:46]} Bxc6 {[%clk 0:55:49]} 20. Bxc6
{[%clk 0:25:08]} Rxc6 {[%clk 0:56:15]} 21. Nd5 {[%clk 0:25:35]} Rxc1
{[%clk 0:53:36]} 22. Nxe7+ {[%clk 0:26:00]} Kf8 {[%clk 0:53:52]} 23. Qxc1
{[%clk 0:26:24]} Kxe7 {[%clk 0:54:05]} 24. exd6+ {[%clk 0:25:57]} Kd7
{[%clk 0:53:41]} 25. f5 {[%clk 0:23:56]} exf5 {[%clk 0:39:15]} 26. Rxf5
{[%clk 0:22:02]} Nxd6 {[%clk 0:38:44]} 27. Qd1 {[%clk 0:21:27]} f6
{[%clk 0:19:48]} 28. a4 {[%clk 0:12:56]} Re8 {[%clk 0:18:11]} 29. Rxb5
{[%clk 0:11:33]} Qc3 {[%clk 0:16:08]} 30. Bf2 {[%clk 0:11:40]} Re3
{[%clk 0:11:24]} 31. Bxe3 {[%clk 0:10:01]} Qxe3+ {[%clk 0:11:52]} 32. Kg2
{[%clk 0:10:22]} Ke7 {[%clk 0:10:03]} 33. Rd5 {[%clk 0:09:44]} Ne4
{[%clk 0:10:11]} 34. Rd3 {[%clk 0:09:16]} Qf2+ {[%clk 0:09:43]} 35. Kh1
{[%clk 0:09:41]} Nxg3+ {[%clk 0:09:50]} 36. Rxg3 {[%clk 0:10:09]} Qxg3
{[%clk 0:10:11]} 37. Qe2+ {[%clk 0:10:33]} Kf8 {[%clk 0:10:04]} 38. Qe6
{[%clk 0:10:44]} Qf3+ {[%clk 0:09:14]} 39. Kg1 {[%clk 0:11:07]} Qd1+
{[%clk 0:08:40]} 40. Kf2 {[%clk 0:41:31]} Qd2+ {[%clk 0:38:20]} 41. Kf3
{[%clk 0:41:46]} Qd3+ {[%clk 0:36:11]} 42. Qe3 {[%clk 0:42:05]} Qd1+
{[%clk 0:33:37]} 43. Ke4 {[%clk 0:42:25]} Qd6 {[%clk 0:33:13]} 44. Qc3
{[%clk 0:42:18]} g5 {[%clk 0:21:49]} 45. b4 {[%clk 0:39:33]} Ke7 {[%clk 0:09:02]}
46. a5 {[%clk 0:37:03]} f5+ {[%clk 0:08:35]} 47. Kf3 {[%clk 0:35:59]} Qf4+
{[%clk 0:06:07]} 48. Ke2 {[%clk 0:35:51]} Qe4+ {[%clk 0:05:05]} 49. Kd2
{[%clk 0:34:46]} Qd5+ {[%clk 0:04:10]} 50. Kc1 {[%clk 0:34:51]} Kd7
{[%clk 0:02:22]} 51. Kb2 {[%clk 0:35:15]} f4 {[%clk 0:01:38]} 52. a6
{[%clk 0:34:04]} f3 {[%clk 0:00:47]} 53. a7 {[%clk 0:33:45]} f2 {[%clk 0:00:38]}
54. Qg7+ {[%clk 0:34:06]} Ke8 {[%clk 0:00:40]} 55. Qh8+ {[%clk 0:32:15]} Kf7
{[%clk 0:00:59]} 56. Qxh7+ {[%clk 0:32:38]} Kf8 {[%clk 0:01:21]} 57. a8=R+
{[%clk 0:28:32]} Qxa8 {[%clk 0:01:49]} 58. Qf5+ {[%clk 0:28:39]} Ke8
{[%clk 0:01:48]} 59. Qxf2 {[%clk 0:28:11]} Qe4 {[%clk 0:02:04]} 60. Kc3
{[%clk 0:27:46]} g4 {[%clk 0:00:59]} 61. hxg4 {[%clk 0:25:16]} Qxg4
{[%clk 0:01:27]} 62. Qd2 {[%clk 0:25:28]} Qd7 {[%clk 0:01:09]} 63. Qh6
{[%clk 0:25:09]} Kd8 {[%clk 0:01:12]} 64. Kc4 {[%clk 0:25:24]} Kc7
{[%clk 0:01:09]} 65. Qf4+ {[%clk 0:24:40]} Kb7 {[%clk 0:01:19]} 66. Kb3
{[%clk 0:24:45]} Qd3+ {[%clk 0:01:29]} 67. Kb2 {[%clk 0:24:59]} Qe2+
{[%clk 0:01:11]} 68. Kc3 {[%clk 0:25:09]} Qe1+ {[%clk 0:01:30]} 69. Kc4
{[%clk 0:25:25]} Qe6+ {[%clk 0:01:50]} 70. Kd4 {[%clk 0:25:18]} Qb6+
{[%clk 0:02:09]} 71. Kc4 {[%clk 0:24:57]} Qe6+ {[%clk 0:02:20]} 72. Kc3
{[%clk 0:25:25]} Qe1+ {[%clk 0:02:39]} 73. Kb3 {[%clk 0:25:13]} Qd1+
{[%clk 0:02:22]} 74. Kb2 {[%clk 0:25:26]} Qe2+ {[%clk 0:02:44]} 75. Kc3
{[%clk 0:24:53]} 1/2-1/2

[Event "Limba Open M"]
[Site "Poronin"]
[Date "2021.05.28"]
[Round "9.24"]
[White "Koziorowicz, Michal"]
[Black "Meers, Hubert"]
[Result "1-0"]
[BlackElo "1997"]
[WhiteElo "2168"]
[LiveChessVersion "1.4.8"]

1. e4 {[%clk 1:30:59]} c5 {[%clk 1:30:55]} 2. Nf3 {[%clk 1:31:23]} d6
{[%clk 1:31:21]} 3. Bb5+ {[%clk 1:31:20]} Nd7 {[%clk 1:31:44]} 4. d4
{[%clk 1:31:45]} cxd4 {[%clk 1:31:36]} 5. Qxd4 {[%clk 1:32:09]} e5
{[%clk 1:25:42]} 6. Qd3 {[%clk 1:32:05]} Ngf6 {[%clk 1:25:00]} 7. Bg5
{[%clk 1:22:37]} a6 {[%clk 1:15:38]} 8. Bxd7+ {[%clk 1:22:22]} Bxd7
{[%clk 1:15:48]} 9. Nc3 {[%clk 1:22:21]} Bc6 {[%clk 1:15:26]} 10. O-O
{[%clk 1:15:09]} h6 {[%clk 1:13:16]} 11. Bxf6 {[%clk 1:15:02]} Qxf6
{[%clk 1:13:40]} 12. Nd2 {[%clk 1:11:06]} Qd8 {[%clk 1:05:22]} 13. Nc4
{[%clk 1:06:42]} b5 {[%clk 0:47:10]} 14. Ne3 {[%clk 1:06:58]} g6 {[%clk 0:36:39]}
15. Rfd1 {[%clk 1:01:01]} Rc8 {[%clk 0:32:15]} 16. a4 {[%clk 0:54:22]} b4
{[%clk 0:28:58]} 17. Ncd5 {[%clk 0:54:28]} a5 {[%clk 0:29:04]} 18. Qa6
{[%clk 0:46:46]} Be7 {[%clk 0:20:36]} 19. Nc4 {[%clk 0:42:07]} Bxd5
{[%clk 0:19:39]} 20. Rxd5 {[%clk 0:42:25]} O-O {[%clk 0:19:04]} 21. b3
{[%clk 0:39:23]} f5 {[%clk 0:10:34]} 22. Nxd6 {[%clk 0:34:43]} fxe4
{[%clk 0:07:36]} 23. Nxc8 {[%clk 0:34:33]} Qxc8 {[%clk 0:07:58]} 24. Qxg6+
{[%clk 0:34:52]} Kh8 {[%clk 0:08:17]} 25. Qxh6+ {[%clk 0:35:15]} Kg8
{[%clk 0:08:45]} 26. Qg6+ {[%clk 0:35:33]} Kh8 {[%clk 0:09:11]} 27. Rxe5
{[%clk 0:35:51]} 1-0

[Event "Limba Open M"]
[Site "Poronin"]
[Date "2021.05.28"]
[Round "9.25"]
[White "Zima, Teofil"]
[Black "Wikar, Martyna"]
[Result "1-0"]
[BlackElo "2151"]
[WhiteElo "1893"]
[LiveChessVersion "1.4.8"]

1. e4 {[%clk 1:30:57]} c5 {[%clk 1:30:51]} 2. Nf3 {[%clk 1:31:22]} a6
{[%clk 1:31:15]} 3. c3 {[%clk 1:31:45]} d5 {[%clk 1:31:41]} 4. exd5
{[%clk 1:32:11]} Qxd5 {[%clk 1:32:07]} 5. d4 {[%clk 1:32:36]} Nf6
{[%clk 1:32:25]} 6. Be3 {[%clk 1:32:11]} cxd4 {[%clk 1:31:59]} 7. cxd4
{[%clk 1:32:32]} e6 {[%clk 1:30:22]} 8. Nc3 {[%clk 1:32:57]} Qd6 {[%clk 1:30:23]}
9. Bd3 {[%clk 1:31:17]} Nc6 {[%clk 1:28:45]} 10. a3 {[%clk 1:31:39]} Be7
{[%clk 1:28:23]} 11. O-O {[%clk 1:31:07]} O-O {[%clk 1:26:37]} 12. h3
{[%clk 1:12:24]} b5 {[%clk 1:24:44]} 13. Rc1 {[%clk 1:04:57]} Bb7
{[%clk 1:24:01]} 14. b4 {[%clk 1:04:07]} Rac8 {[%clk 1:20:36]} 15. Bb1
{[%clk 1:03:55]} Rfd8 {[%clk 1:18:33]} 16. Qd3 {[%clk 1:01:09]} g6
{[%clk 1:13:01]} 17. Rfd1 {[%clk 1:00:34]} Kg7 {[%clk 1:11:55]} 18. Qe2
{[%clk 0:55:24]} Qb8 {[%clk 1:02:52]} 19. Ng5 {[%clk 0:45:20]} Nd5
{[%clk 0:58:24]} 20. Qf3 {[%clk 0:40:28]} Nf6 {[%clk 0:49:54]} 21. Qe2
{[%clk 0:21:34]} Ba8 {[%clk 0:45:12]} 22. Ba2 {[%clk 0:20:29]} Qb7
{[%clk 0:40:48]} 23. f3 {[%clk 0:18:29]} Nd5 {[%clk 0:37:52]} 24. Nxd5
{[%clk 0:14:11]} exd5 {[%clk 0:38:06]} 25. f4 {[%clk 0:14:18]} a5
{[%clk 0:34:21]} 26. f5 {[%clk 0:12:41]} Bxg5 {[%clk 0:31:25]} 27. Bxg5
{[%clk 0:13:10]} f6 {[%clk 0:30:40]} 28. Be3 {[%clk 0:13:00]} axb4
{[%clk 0:28:35]} 29. axb4 {[%clk 0:12:29]} Nxb4 {[%clk 0:25:52]} 30. Bb1
{[%clk 0:12:58]} Nc6 {[%clk 0:17:19]} 31. fxg6 {[%clk 0:13:00]} hxg6
{[%clk 0:17:35]} 32. Rc5 {[%clk 0:12:01]} b4 {[%clk 0:16:28]} 33. Rb5
{[%clk 0:09:22]} Qe7 {[%clk 0:15:45]} 34. Qd3 {[%clk 0:09:38]} f5
{[%clk 0:14:48]} 35. Re1 {[%clk 0:09:37]} Qd6 {[%clk 0:12:47]} 36. Qd2
{[%clk 0:09:39]} Re8 {[%clk 0:12:02]} 37. Rc1 {[%clk 0:09:00]} Qe6
{[%clk 0:11:20]} 38. Re1 {[%clk 0:07:10]} Kh7 {[%clk 0:05:54]} 39. Qf2
{[%clk 0:06:05]} Qf7 {[%clk 0:03:09]} 40. Ba2 {[%clk 0:33:20]} Rcd8
{[%clk 0:32:27]} 41. Bg5 {[%clk 0:27:49]} Rxe1+ {[%clk 0:26:10]} 42. Qxe1
{[%clk 0:28:14]} Rd7 {[%clk 0:23:08]} 43. Qh4+ {[%clk 0:26:51]} Kg7
{[%clk 0:21:56]} 44. Qh6+ {[%clk 0:24:33]} Kg8 {[%clk 0:22:24]} 45. Rxd5
{[%clk 0:23:30]} Rxd5 {[%clk 0:21:50]} 46. Bf6 {[%clk 0:23:51]} 1-0

[Event "Limba Open M"]
[Site "Poronin"]
[Date "2021.05.28"]
[Round "9.26"]
[White "Dwilewicz, Katarzyna"]
[Black "Syrkiewicz, Michal"]
[Result "1-0"]
[BlackElo "1967"]
[WhiteElo "2092"]
[LiveChessVersion "1.4.8"]

1. e4 {[%clk 1:30:56]} c5 {[%clk 1:30:50]} 2. Nf3 {[%clk 1:31:19]} e6
{[%clk 1:31:15]} 3. d4 {[%clk 1:31:44]} cxd4 {[%clk 1:31:41]} 4. Nxd4
{[%clk 1:32:09]} a6 {[%clk 1:32:06]} 5. Nc3 {[%clk 1:32:35]} b5 {[%clk 1:32:28]}
6. Bd3 {[%clk 1:31:19]} Qb6 {[%clk 1:32:25]} 7. Nb3 {[%clk 1:28:05]} Qc7
{[%clk 1:32:16]} 8. Be3 {[%clk 1:26:31]} Bb7 {[%clk 1:31:38]} 9. O-O
{[%clk 1:18:44]} d6 {[%clk 1:27:49]} 10. f4 {[%clk 1:15:00]} Nf6 {[%clk 1:25:42]}
11. a3 {[%clk 0:55:52]} Nbd7 {[%clk 1:21:00]} 12. Qf3 {[%clk 0:55:20]} Be7
{[%clk 1:15:53]} 13. Rae1 {[%clk 0:55:11]} O-O {[%clk 1:10:01]} 14. Qh3
{[%clk 0:53:37]} g6 {[%clk 1:03:17]} 15. f5 {[%clk 0:47:19]} e5 {[%clk 1:01:57]}
16. g4 {[%clk 0:45:35]} d5 {[%clk 0:55:10]} 17. g5 {[%clk 0:40:52]} d4
{[%clk 0:54:03]} 18. fxg6 {[%clk 0:32:55]} hxg6 {[%clk 0:50:46]} 19. gxf6
{[%clk 0:32:23]} Bxf6 {[%clk 0:49:11]} 20. Nxb5 {[%clk 0:03:46]} axb5
{[%clk 0:39:02]} 21. Bh6 {[%clk 0:02:27]} Bg7 {[%clk 0:39:14]} 22. Bd2
{[%clk 0:02:38]} Bc6 {[%clk 0:36:19]} 23. Bb4 {[%clk 0:03:02]} Rfe8
{[%clk 0:36:35]} 24. Re2 {[%clk 0:02:51]} Bf8 {[%clk 0:32:26]} 25. Ref2
{[%clk 0:02:00]} f6 {[%clk 0:31:47]} 26. Qg4 {[%clk 0:01:05]} Kg7
{[%clk 0:31:26]} 27. Rg2 {[%clk 0:01:28]} g5 {[%clk 0:31:11]} 28. Bd2
{[%clk 0:01:25]} Be7 {[%clk 0:31:16]} 29. h4 {[%clk 0:01:49]} Rg8
{[%clk 0:28:02]} 30. hxg5 {[%clk 0:02:06]} Kf8 {[%clk 0:28:24]} 31. g6
{[%clk 0:02:15]} Nb6 {[%clk 0:28:02]} 32. Qe6 {[%clk 0:01:22]} Bd8
{[%clk 0:27:01]} 33. Bh6+ {[%clk 0:01:18]} Rg7 {[%clk 0:27:24]} 34. Rgf2
{[%clk 0:01:00]} Qe7 {[%clk 0:26:38]} 35. Rxf6+ {[%clk 0:00:52]} Ke8
{[%clk 0:27:01]} 36. Rf8# {[%clk 0:01:16]} 1-0

[Event "Limba Open M"]
[Site "Poronin"]
[Date "2021.05.28"]
[Round "9.27"]
[White "Samborski, Henryk"]
[Black "Raczek, Krzysztof"]
[Result "1-0"]
[BlackElo "1706"]
[WhiteElo "2081"]
[LiveChessVersion "1.4.8"]

1. e4 {[%clk 1:30:56]} c5 {[%clk 1:30:37]} 2. Nf3 {[%clk 1:31:14]} d6
{[%clk 1:31:01]} 3. d4 {[%clk 1:31:01]} cxd4 {[%clk 1:31:08]} 4. Nxd4
{[%clk 1:31:27]} Nf6 {[%clk 1:31:31]} 5. Nc3 {[%clk 1:31:49]} Nc6
{[%clk 1:31:57]} 6. Nb3 {[%clk 1:29:48]} g6 {[%clk 1:24:48]} 7. f3
{[%clk 1:26:04]} h5 {[%clk 1:24:25]} 8. Be3 {[%clk 1:25:52]} Bg7 {[%clk 1:22:56]}
9. Qd2 {[%clk 1:25:48]} a6 {[%clk 1:22:25]} 10. O-O-O {[%clk 1:21:49]} Qc7
{[%clk 1:17:18]} 11. Kb1 {[%clk 1:08:08]} Ne5 {[%clk 1:12:15]} 12. Bd4
{[%clk 1:03:04]} Be6 {[%clk 1:11:03]} 13. f4 {[%clk 0:47:59]} Nc4
{[%clk 1:02:39]} 14. Qd3 {[%clk 0:42:19]} Na5 {[%clk 0:50:23]} 15. f5
{[%clk 0:38:06]} Bc4 {[%clk 0:50:45]} 16. Qf3 {[%clk 0:37:52]} Rc8
{[%clk 0:47:02]} 17. Bd3 {[%clk 0:33:49]} b5 {[%clk 0:38:16]} 18. fxg6
{[%clk 0:26:09]} fxg6 {[%clk 0:36:30]} 19. Nxa5 {[%clk 0:25:32]} Qxa5
{[%clk 0:34:34]} 20. e5 {[%clk 0:24:43]} dxe5 {[%clk 0:34:54]} 21. Bxg6+
{[%clk 0:24:55]} Kf8 {[%clk 0:35:17]} 22. Bxe5 {[%clk 0:23:18]} b4
{[%clk 0:34:40]} 23. Qb7 {[%clk 0:21:49]} Be6 {[%clk 0:34:45]} 24. Bc7
{[%clk 0:21:24]} Ne8 {[%clk 0:10:25]} 25. Bxa5 {[%clk 0:20:31]} bxc3
{[%clk 0:10:22]} 26. Rhf1+ {[%clk 0:20:35]} 1-0

[Event "Limba Open M"]
[Site "Poronin"]
[Date "2021.05.28"]
[Round "9.28"]
[White "Sowinski, Pawel"]
[Black "Ciborowski, Konrad Jr"]
[Result "1-0"]
[BlackElo "1837"]
[WhiteElo "2068"]
[LiveChessVersion "1.4.8"]

1. f4 {[%clk 1:30:57]} f5 {[%clk 1:24:20]} 2. b3 {[%clk 1:29:41]} Nf6
{[%clk 1:24:40]} 3. Nf3 {[%clk 1:29:52]} g6 {[%clk 1:24:03]} 4. Bb2
{[%clk 1:30:16]} Bg7 {[%clk 1:24:30]} 5. e3 {[%clk 1:30:28]} O-O {[%clk 1:24:31]}
6. g3 {[%clk 1:30:52]} d6 {[%clk 1:24:56]} 7. Bg2 {[%clk 1:31:09]} c6
{[%clk 1:25:24]} 8. O-O {[%clk 1:31:29]} Nbd7 {[%clk 1:25:52]} 9. d4
{[%clk 1:29:52]} Ne4 {[%clk 1:24:58]} 10. Nbd2 {[%clk 1:29:12]} Nxd2
{[%clk 1:25:11]} 11. Qxd2 {[%clk 1:28:55]} Qc7 {[%clk 1:25:24]} 12. Rad1
{[%clk 1:26:34]} Re8 {[%clk 1:20:29]} 13. c4 {[%clk 1:20:14]} e5 {[%clk 1:20:16]}
14. d5 {[%clk 1:13:05]} c5 {[%clk 1:19:12]} 15. e4 {[%clk 1:01:25]} Nf6
{[%clk 0:54:27]} 16. Ng5 {[%clk 0:46:08]} Nxe4 {[%clk 0:48:03]} 17. Bxe4
{[%clk 0:30:23]} fxe4 {[%clk 0:47:48]} 18. Nxe4 {[%clk 0:19:00]} exf4
{[%clk 0:46:13]} 19. Rxf4 {[%clk 0:17:57]} Bf5 {[%clk 0:45:35]} 20. Nf6+
{[%clk 0:15:31]} Bxf6 {[%clk 0:46:00]} 21. Bxf6 {[%clk 0:15:55]} Qd7
{[%clk 0:44:02]} 22. Bb2 {[%clk 0:14:54]} h6 {[%clk 0:43:52]} 23. Rh4
{[%clk 0:13:14]} h5 {[%clk 0:41:06]} 24. Rxh5 {[%clk 0:12:13]} gxh5
{[%clk 0:41:20]} 25. Qg5+ {[%clk 0:12:41]} Kh7 {[%clk 0:41:40]} 26. Qxh5+
{[%clk 0:13:09]} Kg8 {[%clk 0:42:04]} 27. Qh8+ {[%clk 0:13:29]} Kf7 28. Qg7# 1-0